000 00311nam a22001217a 4500
008 230621b xxu||||| |||| 00| 0 eng d
082 _a328.3
_bIPU 1998
245 _aChronicle of Parliamentary Elections
260 _aGeneva
_bInter-Parliamentary Union
_c1998
300 _a219p
440 _v31
942 _2ddc
_cBK
999 _c2020
_d2020